Agronegocios: anuario del campo '90
Zapisane w:
| 1. autor: | |
|---|---|
| Format: | Książka |
| Język: | hiszpański angielski |
| Wydane: |
Santiago
Hermes
1989
|
| Hasła przedmiotowe: | |
| Etykiety: |
Dodaj etykietę
Nie ma etykietki, Dołącz pierwszą etykiete!
|
MARC
| LEADER | 00000nam a2200000 a 4500 | ||
|---|---|---|---|
| 001 | UCQ7043 | ||
| 003 | CL-VaPUC | ||
| 008 | 981031e19890000CL |||||||||||||||||spa|d | ||
| 041 | 0 | 7 | |a spa |2 CL-VaPUC |
| 041 | 0 | 7 | |a eng |2 CL-VaPUC |
| 082 | 0 | 4 | |a 630 |b YAN |2 21 |
| 100 | 0 | |a Yankovic Nola, Bartolomé |e author |9 420923 | |
| 245 | 1 | 0 | |a Agronegocios: anuario del campo '90 |
| 300 | |a 215 p | ||
| 942 | |c BK | ||
| 945 | |d 19981031 00:00:00 |a rbrito | ||
| 260 | |a Santiago |b Hermes |c 1989 | ||
| 650 | 0 | |a Agricultura |9 255598 | |
| 650 | 7 | |a SILVICULTURA |2 CL-VaPUC |9 264178 | |
| 650 | 0 | |a Industria pesquera |9 255432 | |
| 650 | 0 | |a Fruticultura |9 259678 | |
| 651 | 7 | |a CHILE |2 CL-VaPUC |9 420924 | |
| 583 | |a last modification |c 19981031 00:00:00 |k Rodrigo Vera | ||
| 999 | |c 276873 |d 276871 | ||